Valdecaballos, nueva estación de arte rupestre esquemático en el término de Soria / por Teógenes Ortego
Descripción Física:
p. 207-216 : amb làm. ; 27 cm
Colección:
Monografías ; 14
MARC
| LEADER | 00000nam a2200000Ia 4500 | ||
|---|---|---|---|
| 001 | 7789 | ||
| 008 | 160829s1965 xx 000 0 cat d | ||
| 080 | |a FU-21-7 | ||
| 100 | |a Ortego Frías, Teógenes |9 32353 | ||
| 245 | |a Valdecaballos, nueva estación de arte rupestre esquemático en el término de Soria / por Teógenes Ortego | ||
| 260 | |a Barcelona : |b Diputación. Instituto de Prehistoria y Arqueología, |c 1965 | ||
| 300 | |a p. 207-216 : |b amb làm. ; |c 27 cm | ||
| 490 | |a Monografías ; 14 | ||
| 590 | |a Separata de: Miscelánea en homenaje al Abate Henri Breuil, tomo II | ||
| 650 | |a Pintura rupestre |x Valdecaballos (Sòria) |9 32354 | ||
| 650 | |a Valdecaballos (Sòria) |x Arqueologia |9 32355 | ||
| 650 | |a Art prehistòric |x Valdecaballos (Sòria) |9 32356 | ||
| 710 | 2 | |a Instituto de Prehistoria y Arqueología (Barcelona, Catalunya) |9 54255 | |
| 901 | |a Arxiu | ||
| 942 | |n 1 |2 udc | ||
| 952 | |0 0 |1 0 |4 0 |6 FU217 |7 1 |9 45954 |a Arxiu |b Arxiu |d 2016-12-01 |l 0 |o FU-21-7 |p 7789 |r 2016-12-01 00:00:00 |w 2016-12-01 |y ARXIU | ||
| 999 | |c 49455 |d 49455 | ||